000 01185nam a2200301 a 4500
001 ebr10480965
003 CaPaEBR
006 m u
007 cr cn|||||||||
008 101028s2011 maua sb 001 0 eng d
010 _z 2010045953
020 _z9781845937942
020 _z9781845938314 (e-book)
040 _aCaPaEBR
_cCaPaEBR
035 _a(OCoLC)742412513
050 1 4 _aG155.A1
_bL3774 2011eb
082 0 4 _a910.68
_222
245 0 0 _aTourist destination governance
_h[electronic resource] :
_bpractice, theory and issues /
_cedited by Eric Laws ... [et al.].
260 _aCambridge, Mass. :
_bCAB International,
_cc2011.
300 _axiv, 222 p. :
_bill.
504 _aIncludes bibliographical references and index.
533 _aElectronic reproduction.
_bPalo Alto, Calif. :
_cebrary,
_d2011.
_nAvailable via World Wide Web.
_nAccess may be limited to ebrary affiliated libraries.
650 0 _aTourism
_xManagement.
655 7 _aElectronic books.
_2local
700 1 _aLaws, Eric,
_d1945-
710 2 _aebrary, Inc.
856 4 0 _uhttp://site.ebrary.com/lib/rucke/Doc?id=10480965
_zAn electronic book accessible through the World Wide Web; click to view
999 _c118717
_d118717